<?xml version="1.0" encoding="UTF-8"?>
<record
    xmlns:xsi="http://www.w3.org/2001/XMLSchema-instance"
    xsi:schemaLocation="http://www.loc.gov/MARC21/slim http://www.loc.gov/standards/marcxml/schema/MARC21slim.xsd"
    xmlns="http://www.loc.gov/MARC21/slim">

  <leader>00733nas a22002173  4500</leader>
  <controlfield tag="005">20170608083049.0</controlfield>
  <controlfield tag="008">920619u1988    xx  u     b   r  0 0und </controlfield>
  <datafield tag="020" ind1=" " ind2=" ">
    <subfield code="a">952-634X</subfield>
  </datafield>
  <datafield tag="040" ind1=" " ind2=" ">
    <subfield code="a">CO-BoIAVH </subfield>
    <subfield code="c">CO-BoIAVH </subfield>
  </datafield>
  <datafield tag="041" ind1="0" ind2=" ">
    <subfield code="a">spa</subfield>
  </datafield>
  <datafield tag="044" ind1=" " ind2=" ">
    <subfield code="a">-uk</subfield>
  </datafield>
  <datafield tag="082" ind1="1" ind2="4">
    <subfield code="a">571.9209 </subfield>
    <subfield code="b">C11d</subfield>
  </datafield>
  <datafield tag="245" ind1="0" ind2="0">
    <subfield code="a">Distribution maps of pests.</subfield>
  </datafield>
  <datafield tag="260" ind1=" " ind2=" ">
    <subfield code="a">Great Britain.</subfield>
    <subfield code="b">CAB International,</subfield>
    <subfield code="c">1988-.</subfield>
  </datafield>
  <datafield tag="300" ind1=" " ind2=" ">
    <subfield code="b">mapas</subfield>
    <subfield code="a">Mapas del 1 al 537</subfield>
  </datafield>
  <datafield tag="546" ind1=" " ind2=" ">
    <subfield code="a">Material descrito en ingl&#xE9;s</subfield>
  </datafield>
  <datafield tag="650" ind1="2" ind2="6">
    <subfield code="a">Plantas</subfield>
    <subfield code="x">Distribuci&#xF3;n de plagas</subfield>
    <subfield code="v">Mapas</subfield>
    <subfield code="v">Publicaciones seriadas</subfield>
    <subfield code="9">81979</subfield>
  </datafield>
  <datafield tag="650" ind1="2" ind2="6">
    <subfield code="a">Plantas</subfield>
    <subfield code="x">Distribuci&#xF3;n de enfermedades</subfield>
    <subfield code="v">Mapas</subfield>
    <subfield code="v">Publicaciones seriadas</subfield>
    <subfield code="9">81980</subfield>
  </datafield>
  <datafield tag="710" ind1="2" ind2=" ">
    <subfield code="a">CAB Internationan Institute of Entomology</subfield>
    <subfield code="9">81981</subfield>
  </datafield>
  <datafield tag="942" ind1=" " ind2=" ">
    <subfield code="2">ddc</subfield>
    <subfield code="c">Mapa</subfield>
  </datafield>
  <datafield tag="999" ind1=" " ind2=" ">
    <subfield code="c">19566</subfield>
    <subfield code="d">19566</subfield>
  </datafield>
  <datafield tag="952" ind1=" " ind2=" ">
    <subfield code="0">0</subfield>
    <subfield code="1">0</subfield>
    <subfield code="2">ddc</subfield>
    <subfield code="4">0</subfield>
    <subfield code="7">0</subfield>
    <subfield code="8">GENERAL</subfield>
    <subfield code="a">Bogota</subfield>
    <subfield code="b">Bogota</subfield>
    <subfield code="d">2017-06-08</subfield>
    <subfield code="l">0</subfield>
    <subfield code="o">LB-571.9209  C11d</subfield>
    <subfield code="p">041091</subfield>
    <subfield code="r">2017-06-08 00:00:00</subfield>
    <subfield code="t">Ej. 1</subfield>
    <subfield code="w">2017-06-08</subfield>
    <subfield code="x">Donacion</subfield>
    <subfield code="y">Mapa</subfield>
  </datafield>
</record>
